ballad of a homeschooled girl - Olivia Rodrigo (All Lyrics) - Statistics

General Stats
  • This quiz has been taken 50 times
  • The average score is 284 of 323
Answer Stats
Lyrics % Correct
a
100%
And
100%
and
100%
I
100%
all
97%
do
97%
I'm
97%
it
97%
it's
97%
It's
97%
know,
97%
know
97%
on
97%
So
97%
to
97%
don't
94%
Every
94%
go
94%
hate
94%
is
94%
like
94%
like,
94%
no
94%
out
94%
should
94%
social
94%
suicide
94%
suicide,
94%
the
94%
The
94%
then
94%
with
94%
anyone
91%
clothes
91%
fell
91%
get
91%
glass,
91%
guy
91%
guy,
91%
made
91%
Made
91%
my
91%
shouldn't
91%
tell
91%
that
91%
think
91%
told
91%
Told
91%
tripped
91%
Cat
88%
gay
88%
got
88%
guess
88%
Guess
88%
he
88%
night
88%
night,
88%
outside
88%
outside,
88%
over
88%
party's
88%
right
88%
secrets
88%
time
88%
time,
88%
tragic
88%
up
88%
wanna
88%
was
88%
when
88%
along
84%
at
84%
bones
84%
broke
84%
die
84%
doesn't
84%
done,
84%
Each
84%
fun,
84%
greatest
84%
inside
84%
joke
84%
skin
84%
step
84%
weird,
84%
what
84%
worse
84%
wrong
84%
Blood
81%
boys,
81%
cold
81%
conversation?"
81%
did
81%
Everythin'
81%
Feels
81%
fit
81%
his
81%
"how
81%
(How
81%
of
81%
runnin'
81%
say?
81%
stumbled
81%
Stumbled
81%
tongue
81%
makin'
78%
me
78%
type
78%
words
78%
curl
75%
God,
75%
Oh,
75%
panic
75%
start
75%
swore
75%
talked
75%
website
75%
whole
75%
after
72%
let
72%
morning
72%
day
69%
laughed
69%
you
69%
alive,
66%
sat
66%
this
63%
your
63%
Can't
59%
hot
59%
Searchin'
59%
third
59%
Called
56%
line
56%
Thought
56%
mom
53%
name
53%
twice
53%
wife
53%
alone,
50%
fine
47%
But
44%
still
44%
flirt?)
34%
shocked
34%
yeah,
22%
No matching quizzes found
Score Distribution
Percent of People with Each Score
Percentile by Number Answered
Your Score History
You have not taken this quiz